E19(中央道・長野道)のIC - Statistics

General Stats
  • This quiz has been taken 221 times
    170 since last reset
  • The average score is 26 of 40
Answer Stats
中央道 % Correct
IC 松本
89%
JCT 岡谷
88%
JCT 岡谷
88%
IC 岡谷
88%
IC 飯田
85%
IC 中津川
83%
IC 塩尻
83%
IC 恵那
80%
JCT 小牧
78%
IC 駒ヶ根
78%
IC 伊那
76%
IC 多治見
75%
IC 安曇野
74%
JCT 土岐
72%
IC 土岐
72%
IC 瑞浪
72%
IC 更埴
72%
JCT 更埴
72%
PA 辰野
68%
SA/SIC 姨捨
67%
IC/JCT 飯田山本
63%
PA みどり湖
62%
SA 恵那峡
61%
PA 阿智
57%
IC 小牧東
56%
IC 麻績
56%
IC 伊北
55%
SA/SIC 駒ヶ岳
54%
IC 塩尻北
54%
IC 園原
52%
SA/SIC 梓川
51%
IC 松川
50%
SIC 筑北
47%
PA 筑北
47%
PA/SIC 神坂
41%
PA 屏風山
40%
PA 虎渓山
39%
PA 内津峠
37%
PA/SIC 小黒川
37%
PA/SIC 座光寺
33%
No matching quizzes found
Score Distribution
Percent of People with Each Score
Percentile by Number Answered
Your Score History
You have not taken this quiz since the last reset